| 000 | 003520000a22001570004500 | ||
|---|---|---|---|
| 005 | 20120302062800.0 | ||
| 942 | _cBOOK | ||
| 100 |
_a _a _b _c |
||
| 245 | _a RANGA VALLI | ||
| 250 | _a 2 ND | ||
| 260 | _aTHANE : RANGAVALLI PARIVAR ,2004 | ||
| 300 | _a80 P. | ||
| 040 | _aMAR | ||
| 365 | _bRS.50/- | ||
| 650 | _aSANKIRNA / KALA / RANGOLI / RANGAVALLI | ||
| 999 |
_c357654 _d357651 |
||